000 00536nam a2200157Ia 4500
005 20250508155948.0
008 008 250505s9999 xx 000 0 eng d
037 _aBooks to be hide in OPAC
040 _aFEDL
_beng
_cFEDL
041 _aeng
_2eng
084 _a370.954, IND
_qFEDL
245 0 _aList of higher, secondary and special educational institutions in India, 1907
546 _aOffice of the director general of education in India, D.G. E.form 7(a).
942 _cHB
_h370.954, IND
999 _c1360473
_d1360473